Deporte y salud familiar / (Registro nro. 8312)

Detalles MARC
000 -LIDER
fixed length control field 01120nam a22003257a 4500
001 - NÚMERO DE CONTROL
Identificador de número de control 0074
003 - IDENTIFICACDOR DE NÚMERO DE CONTROL
control field DO-SdBNP
005 - DATE AND TIME OF LATEST TRANSACTION
control field 20171113105949.0
007 - CAMPOS FIJOS DE DESCRIPCIÓN FÍSICA
fixed length control field 0074
008 - ELEMENTOS DE LONGITUD FIJA
fixed length control field 150930b cl 2008 xxu||||| |||| 00| 0 spa d
020 ## - ISBN
International Standard Book Number 9789586773713
040 ## - FUENTE DE CATALOGACIÓN
Agencia que crea de manera original el registro BPMSU
Idioma de catalogación spa
Agencia que realiza la transcripción BPMSU
082 #4 - NÚMERO DE CLASIFICACIÓN DECIMAL DE DEWEY
Classification number R 796.03
Item number D422s
245 00 - MENCIÓN DE TITULO
Título Deporte y salud familiar /
Mención de responsabilidad editor Gustavo de Elorza Martínez ; direccion editorial Fabio Rodríguez; compilación de textos Fabio Rodríguez ... [et al].
260 ## - PUBLICACIÓN, DISTRIBUCIÓN, ETC. (PIE DE IMPRENTA)
Lugar de publicación, distribución, etc Bogotá :
Nombre del editor, distribuidor, etc. Zamora,
Fecha de publicación, distribución, etc 2008
300 ## - DESCRIPCIÓN FÍSICA
Extensión 4v. :
Otros detalles físicos il. ; + CD-ROM
Dimensiones 26 cm.
505 0# - NOTA DE CONTENIDO
Información miscelánea v. 1 :
Título Deporte y tiempo libre.
Información miscelánea v. 2 :
Título Historia y técnica deportiva.
Información miscelánea v. 3 :
Título Disciplina deportiva.
Información miscelánea v. 4 :
Título Gimnasia para la vida.
650 ## - ENCABEZAMIENTO DE MATERIA--TEMÁTICO
Término temático o nombre geográfico como elemento de entrada DEPORTES
650 ## - ENCABEZAMIENTO DE MATERIA--TEMÁTICO
Término temático o nombre geográfico como elemento de entrada DEPORTES
Subdivisión temática general HISTORIA
650 ## - ENCABEZAMIENTO DE MATERIA--TEMÁTICO
Término temático o nombre geográfico como elemento de entrada NUTRICIÓN
650 ## - ENCABEZAMIENTO DE MATERIA--TEMÁTICO
Término temático o nombre geográfico como elemento de entrada GIMNASIA
650 ## - ENCABEZAMIENTO DE MATERIA--TEMÁTICO
Término temático o nombre geográfico como elemento de entrada SALUD
700 10 - ASIENTO SECUNDARIO -- NOMBRE PERSONAL
Nombre personal Elorza Martínez, Gustavo de,
Mención de responsabilidad ed.
700 10 - ASIENTO SECUNDARIO -- NOMBRE PERSONAL
Nombre personal Rodríguez P., Fabio,
Mención de responsabilidad dir.
710 ## - ASIENTO SECUNDARIO -- NOMBRE CORPORATIVO
Nombre corporativo o de jurisdicción Rodríguez, Fábio.
Mención de responsabilidad comp.
942 ## - ADDED ENTRY ELEMENTS (KOHA)
Source of classification or shelving scheme Dewey Decimal Classification
Koha item type Libros
945 ## - INFORMACIÓN DE PROCESAMIENTO LOCAL
Información de procesamiento local Inventariado, 2017/MFF
956 ## - LOCAL ELECTRONIC LOCATION AND ACCESS (OCLC)
Nombre de host Brenda Tavárez
956 ## - LOCAL ELECTRONIC LOCATION AND ACCESS (OCLC)
Nombre de host Validado. Control de calidad MFF
Existencias
Withdrawn status Lost status Source of classification or shelving scheme Damaged status Not for loan Collection code Home library Current library Date acquired Source of acquisition Total Checkouts Full call number Barcode Date last seen Price effective from Koha item type Copy number
    Dewey Decimal Classification     Colección General Biblioteca Pública Metropolitana Salomé Ureña Biblioteca Pública Metropolitana Salomé Ureña 09/30/2015 Compra   796.03 D422s v.1 BPMSU15090222 09/30/2015 09/30/2015 Libros  
    Dewey Decimal Classification     Colección General Biblioteca Pública Metropolitana Salomé Ureña Biblioteca Pública Metropolitana Salomé Ureña 09/30/2015 Compra   796.03 D422s v. 1 BPMSU15090223 09/30/2015 09/30/2015 Libros e.2
    Dewey Decimal Classification     Colección General Biblioteca Pública Metropolitana Salomé Ureña Biblioteca Pública Metropolitana Salomé Ureña 09/30/2015 Compra   796.03 D422s v. 1 BPMSU15090224 09/30/2015 09/30/2015 Libros e. 3
    Dewey Decimal Classification     Colección General Biblioteca Pública Metropolitana Salomé Ureña Biblioteca Pública Metropolitana Salomé Ureña 09/30/2015 Compra   796.03 D422s v. 2 BPMSU15090225 09/30/2015 09/30/2015 Libros  
    Dewey Decimal Classification     Colección General Biblioteca Pública Metropolitana Salomé Ureña Biblioteca Pública Metropolitana Salomé Ureña 09/02/2016 Compra   796.03 D422s v. 2 BPMSU16090069 09/02/2016 09/02/2016 Libros e. 2
    Dewey Decimal Classification     Colección General Biblioteca Pública Metropolitana Salomé Ureña Biblioteca Pública Metropolitana Salomé Ureña 09/02/2016 Compra   796.03 D422s v. 2 BPMSU16090070 09/02/2016 09/02/2016 Libros e.3
    Dewey Decimal Classification     Colección General Biblioteca Pública Metropolitana Salomé Ureña Biblioteca Pública Metropolitana Salomé Ureña 09/02/2016 Compra   796.03 D422s v. 3 BPMSU16090071 09/02/2016 09/02/2016 Libros  
    Dewey Decimal Classification     Colección General Biblioteca Pública Metropolitana Salomé Ureña Biblioteca Pública Metropolitana Salomé Ureña 09/02/2016 Compra   796.03 D422s v. 3 BPMSU16090072 09/02/2016 09/02/2016 Libros e.2
    Dewey Decimal Classification     Colección General Biblioteca Pública Metropolitana Salomé Ureña Biblioteca Pública Metropolitana Salomé Ureña 10/12/2016 Compra   796.03 D422s v. 4 BPMSU16100121 10/12/2016 10/12/2016 Libros  
    Dewey Decimal Classification     Colección General Biblioteca Pública Metropolitana Salomé Ureña Biblioteca Pública Metropolitana Salomé Ureña 10/12/2016 Compra   796.03 D422s v. 4 BPMSU16100122 10/12/2016 10/12/2016 Libros e. 2
    Dewey Decimal Classification     Colección General Biblioteca Pública Metropolitana Salomé Ureña Biblioteca Pública Metropolitana Salomé Ureña 10/12/2016 Compra   796.03 D422s v. 4 BPMSU16100123 10/12/2016 10/12/2016 Libros e. 3